[Event "SVK-ch U16"]
[Site "Tatralandia"]
[Date "2024.04.08"]
[Round "5"]
[White "Kapinaj, Matus"]
[Black "Hozlar, Michal"]
[Result "1/2-1/2"]
[WhiteElo "1858"]
[BlackElo "1696"]
[PlyCount "92"]
[EventDate "2024.04.05"]
[EventType "swiss"]
[EventRounds "9"]
[EventCountry "SVK"]
[SourceTitle "CB16_2024"]
[SourceDate "2024.04.17"]
[SourceVersion "1"]
[SourceVersionDate "2024.04.17"]
[SourceQuality "1"]

1. Nf3 d5 2. g3 Nf6 3. Bg2 e6 4. b3 c5 5. Bb2 Nc6 6. d3 Be7 7. Nbd2 Qc7 8. 0-0 0-0 9. e4 d4 10. a4 e5 11. Nc4 Bg4 12. h3 Bxf3 13. Qxf3 a6 14. a5 Nd7 15. Qe2 b5 16. axb6 Nxb6 17. Nxb6 Qxb6 18. f4 f6 19. f5 a5 20. Ra4 Nb4 21. Kh2 Rfd8 22. Rf2 c4 23. bxc4 Qc6 24. Ra1 Ra7 25. Rff1 Rda8 26. Ba3 Qa4 27. c3 dxc3 28. d4 exd4 29. Bxb4 Qxb4 30. e5 Qb2 31. Qd3 fxe5 32. Rfb1 Qd2 33. Qxd2 cxd2 34. Bxa8 Rxa8 35. Rb5 Ba3 36. Rd1 Bc1 37. c5 a4 38. c6 Rc8 39. Rxe5 Rxc6 40. Ra5 a3 41. Kg2 Rc3 42. Ra4 d3 43. Kf3 Rc5 44. Ke4 Kf7 45. g4 Kf6 46. h4 Re5+ 1/2-1/2

[Event "SVK-ch U16"]
[Site "Dudince"]
[Date "2023.04.21"]
[Round "7"]
[White "Kapinaj, Matus"]
[Black "Bulej, Matej"]
[Result "1-0"]
[WhiteElo "1000"]
[BlackElo "2007"]
[PlyCount "87"]
[EventDate "2023.04.16"]
[EventType "swiss"]
[EventRounds "9"]
[EventCountry "SVK"]
[SourceTitle "CBM 213 Extra"]
[Source "ChessBase"]
[SourceDate "2023.05.31"]
[SourceVersion "1"]
[SourceVersionDate "2023.05.31"]
[SourceQuality "1"]

1. Nc3 d5 2. d4 Nf6 3. Bg5 Bf5 4. f3 c6 5. Bxf6 gxf6 6. e4 Bg6 7. Qd2 h5 8. Bd3 dxe4 9. Bxe4 f5 10. Bd3 Qxd4 11. Nge2 Qb4 12. 0-0 Bh6 13. Qe1 h4 14. a3 Qd6 15. Rd1 Nd7 16. Kh1 Qf6 17. Qf2 Ne5 18. f4 Nxd3 19. Rxd3 Bh5 20. Rfd1 b6 21. Rd4 Bg7 22. Rd7 Qe6 23. R1d3 Bxe2 24. Nxe2 0-0 25. c3 Bf6 26. Ng1 c5 27. Nf3 Bd4 28. Nxd4 Qxd7 29. Qxh4 Qd6 30. Rg3+ Qg6 31. Rxg6+ fxg6 32. Ne6 Rf6 33. Ng5 Rf7 34. Nxf7 Kxf7 35. Qh7+ Kf6 36. Qh6 Rd8 37. h3 Rd2 38. Qf8+ Ke6 39. Qg7 Rxb2 40. Qxg6+ Kd5 41. Qxf5+ Kc4 42. Qe5 Rc2 43. h4 Rxc3 44. h5 1-0

[Event "SVK-ch U16"]
[Site "Dudince"]
[Date "2023.04.19"]
[Round "5"]
[White "Libich, Oliver1111"]
[Black "Kapinaj, Matus"]
[Result "0-1"]
[WhiteElo "1644"]
[BlackElo "1000"]
[PlyCount "116"]
[EventDate "2023.04.16"]
[EventType "swiss"]
[EventRounds "9"]
[EventCountry "SVK"]
[SourceTitle "CBM 213 Extra"]
[Source "ChessBase"]
[SourceDate "2023.05.31"]
[SourceVersion "1"]
[SourceVersionDate "2023.05.31"]
[SourceQuality "1"]

1. d4 Nf6 2. c4 Nc6 3. Nc3 e5 4. e3 Bb4 5. a3 Bxc3+ 6. bxc3 d6 7. Be2 0-0 8. Nf3 Bf5 9. 0-0 Nd7 10. Nd2 Bg6 11. Bb2 f5 12. f3 Ne7 13. Qb3 Kh8 14. a4 a5 15. Ba3 b6 16. Rad1 Bf7 17. Qc2 Ng6 18. Nb3 f4 19. e4 Qg5 20. Rb1 h5 21. Kh1 h4 22. Rf2 Nf6 23. Bf1 Nh5 24. c5 dxc5 25. dxc5 Rfd8 26. cxb6 cxb6 27. Nd2 Rab8 28. Bb5 Be6 29. Nf1 h3 30. Nd2 Qh4 31. Nc4 Bd7 32. Kg1 Bxb5 33. Rxb5 Qf6 34. Rd5 Rxd5 35. exd5 Nh4 36. Bd6 Rd8 37. Bxe5 Qg5 38. Qe4 Nxg2 39. Kf1 Re8 40. Qd4 Ne3+ 41. Nxe3 fxe3 42. f4 Qf5 43. Qxe3 Qb1+ 44. Ke2 Qc2+ 45. Kf3 Qd1+ 46. Re2 Qxd5+ 47. Qe4 Qd1 48. Kf2 Qd7 49. Qd4 Qf7 50. Rb2 Qg6 51. Kf3 Re6 52. Qe4 Qe8 53. Rb5 Nf6 54. Qf5 Qc6+ 55. Kg3 Ne4+ 56. Kxh3 Rh6+ 57. Kg4 Nf2+ 58. Kg3 Nh1+ 0-1

[Event "SVK-ch U16"]
[Site "Dudince"]
[Date "2023.04.17"]
[Round "2"]
[White "Kapinaj, Matus"]
[Black "Cizmar, Tomas"]
[Result "1-0"]
[WhiteElo "1000"]
[BlackElo "1470"]
[PlyCount "79"]
[EventDate "2023.04.16"]
[EventType "swiss"]
[EventRounds "9"]
[EventCountry "SVK"]
[SourceTitle "CBM 213 Extra"]
[Source "ChessBase"]
[SourceDate "2023.05.31"]
[SourceVersion "1"]
[SourceVersionDate "2023.05.31"]
[SourceQuality "1"]

1. e4 e5 2. f4 d5 3. Nf3 dxe4 4. Nxe5 Bd6 5. d4 Nf6 6. Bc4 0-0 7. 0-0 b6 8. Nc3 Bb7 9. Ne2 Nc6 10. Ng3 Ne7 11. c3 c5 12. Be3 Rc8 13. dxc5 Bxe5 14. fxe5 Qxd1 15. Raxd1 Ng4 16. Bg5 Ng6 17. e6 Rxc5 18. e7 Rxc4 19. exf8Q+ Nxf8 20. h3 Ne5 21. Rd8 Neg6 22. Rfd1 f6 23. Be3 Kf7 24. R1d7+ Nxd7 25. Rxd7+ Ne7 26. Rxb7 g6 27. Rxa7 Ke6 28. Ra6 Nd5 29. Bd4 f5 30. b3 Rc6 31. c4 Nb4 32. Rxb6 Rxb6 33. Bxb6 Nxa2 34. Kf2 Nc1 35. Ne2 Nd3+ 36. Ke3 Nb4 37. Nf4+ Ke5 38. Bc7+ Kf6 39. Nd5+ Nxd5+ 40. cxd5 1-0